| 000 | 00446nam a2200157Ia 4500 | ||
|---|---|---|---|
| 005 | 20240821160032.0 | ||
| 008 | 240821s9999||||xx |||||||||||||| ||und|| | ||
| 082 | _a372.21 ROB | ||
| 100 | _aRobson, Sue | ||
| 245 | 0 | _aDeveloping thinking and understanding in young children: introduction for students | |
| 250 | _a3rd ed. | ||
| 260 |
_aNew York _bRoutledge _c2020 |
||
| 300 | _axiv,314p. | ||
| 650 | _aEarly childhood education | ||
| 942 | _cBK | ||
| 999 |
_c144472 _d144472 |
||